000 00951nam a22002537a 4500
999 _c8576
_d8576
003 AR-CdUCM
008 190325b ||||| |||| 00| 0 spa d
040 _aMUNICIPALIDAD PROVINCIAL DEL CUSCO
_cBIBLIOTECA MUNICIPAL DEL CUSCO
082 _a891.038 /
_bN25
110 _aEditorial Ecoma
_924018
245 _aNarrativa Rusa Clásica /
260 _aLima :
_bEcoma,
_c1973.
300 _a284 paginas ;
_c20 cm.
505 _aContenido: Alexander S. Pushkin -- Nikolai V. Gogol -- Mijail Yurevich Lermontov -- Fedor Mijalovich Dostoyevski -- Lev Nikolaevich Tolstoi -- Nicolai S. Leskov -- Konstantin M. Staniukovich -- Anton P. Chejov -- Leonid N. Andreyev.
650 _aCuento
_94671
650 _aRusia
_9499
650 _aColecciones
_9607
650 _aLiteratura
_983
700 _aDiustinkiv, Andrés
_924019
700 _aEvtiuchirenko, Sergei
_924020
700 _aCongrains Martin, Eduardo
_9468
942 _2ddc
_cLIBROS
945 _apjha